000 01111nam a2200313 i 4500
003 EG-GICUC
005 20260125120404.0
008 260125s2004 ua ||||fr|||| 00| 0 ara d
040 _a EG-GICUC
_bara
_c EG-GICUC
_d EG-GICUC
_erda
041 0 _aara
082 0 4 _221
_a345
_bأ ن . و
092 0 4 _221
099 _aLaw1 07 345 أ ن . و 3 ed - 2004
100 0 _aأنور أحمد رسلان
_eمؤلف.
245 1 0 _aوجيز القانون الإداري /
_cدكتور أنور أحمد رسلان
250 _aالطبعة الثالثة
264 _a[الناشر غير محدد],
_b[مكان النشر غير محدد] :
_c2004.
300 _a663 صفحة ؛
_c24 سم
336 _2rda content
_atext
337 _2rda media
_aComputer
338 _2rda carrier
_aOnline Resource
504 _aيشتمل علي ارجاعات ببليوجرافية
546 _aالنص باللغة العربية
650 1 4 _aالقانون الإداري
_2qrmak
651 1 _2qrmak
856 4 0 _uhttps://fll.law.cu.edu.eg/fulltext/bks/B07-00422.pdf
905 _a74
942 _2ddc
_n0
_cBK
_e21
999 _c59223
_d59223